000 00929nam a2200205Ia 4500
999 _c38834
_d38834
001 5242
003 GE_BSU
005 20190510151921.0
008 181216s1970||||ge |||||||||||||| ||geo||
040 _cGE_BSU
041 _ageo
080 _a004(075.8) ხ-96
100 _aხუციშვილი, რ.
_9960
245 _aგამოთვლითი ტექნიკის საფუძვლები :
_bდაპროგრამებული სახელმძვანელო /
_cრ. ხუციშვილი ; რედ. ნ. გაბაშვილი.
264 _aთბილისი :
_bგანათლება,
_c1970.
300 _a363 გვ. :
_bნახაზ. ;
_c22 სმ.
653 _aგამოთვლითი ტექნიკის საფუძვლები
700 _aგაბაშვილი, ნ.
_eრედაქტორი
_9961
942 _cBK
_2udc